000 00526nam a22001697a 4500
005 20251108171229.0
008 250721s1994 xx 000 0 ara d
082 1 4 _aم/413.124/خلف
100 1 _aخلف، هادل
245 1 0 _aمعجم الفاظ إبن بطوطة غير العربية /
264 1 _aالقاهرة :
_bمكتبة الآداب،
_c1994.
300 _a123ص
650 1 7 _aمعاجم الكلمات الداخلية
650 1 7 _aالمعاجم اللغوية
942 _2ddc
_cREF
999 _c59925
_d59925